000 00423nam a22001697a 4500
005 20260414162021.0
008 260414b |||||||| |||| 00| 0 eng d
020 _a9788120337886
050 _aT 353 .J64 2009
_bC.1
100 _aJOHN,C.K
245 _aENGINEERING GRAPHICS FOR DEGREE
260 _aDELHI
_bASOKE K. GHOSH
_c2009
300 _a520
500 _aINCLUDES INDEX
700 _aJOHN,C.K
942 _2lcc
_cBK
999 _c216957
_d216957